Statistics for Musical Acts A-Z

Click here to take the quiz!

General Stats

  • This quiz has been taken 372 times
  • The average score is 11 of 26

Answer Stats

LetterSongAnswer% Correct
QWe Are The ChampionsQueen
94%
ERocket ManElton John
92%
PPurple RainPrince
92%
USunday Bloody SundayU2
75%
GWake Me Up When September EndsGreen Day
72%
TWhat's Love Got To Do With ItTina Turner
69%
RMaggie MayRod Stewart
58%
LThe Immigrant SongLed Zeppelin
56%
FEverlongThe Foo Fighters
50%
VRunnin' With The DevilVan Halen
47%
MBeautiful PeopleMarilyn Manson
38%
WThe Sweater SongWeezer
36%
BIntergalacticBeastie Boys
34%
DThe EndThe Doors
33%
CI Want You To Want MeCheap Trick
32%
NSouthern ManNeil Young
32%
IToday Was A Good DayIce Cube
25%
KWhen You Were YoungThe Killers
24%
OWhy Don't You Get A JobThe Offspring
24%
STodayThe Smashing Pumpkins
18%
YFor Your LoveThe Yardbirds
18%
JBanana PancakesJack Johnson
13%
XLife Begins At The HopXTC
9%
HI Go BlindHootie and the blowfish
7%
ZLove Is My ReligionZiggy Marley
6%
AHold OnAlabama Shakes
4%

Score Distribution

Percentile by Number Answered

Percent of People with Each Score

Your Score History

You have not taken this quiz